Central Library OPAC University of Rajshahi

Out of the frying pan : (Record no. 60724)

MARC details
000 -LEADER
fixed length control field 00763nam a2200253 a 4500
001 - CONTROL NUMBER
control field 60724
003 - CONTROL NUMBER IDENTIFIER
rucl marc code BD-RjUL
005 - DATE AND TIME OF LATEST TRANSACTION
control field 20211209080857.0
008 - FIXED-LENGTH DATA ELEMENTS--GENERAL INFORMATION
fixed length control field 170103s1979 nyu b 000 0 eng
020 ## - INTERNATIONAL STANDARD BOOK NUMBER
International Standard Book Number 0385131984
035 ## - SYSTEM CONTROL NUMBER
System control number (BD-RjUL)60848
040 ## - CATALOGING SOURCE
Original cataloging agency BD-RjUL
Language of cataloging eng
Transcribing agency BD-RjUL
Modifying agency BD-RjUL
041 ## - LANGUAGE CODE
Language code of text/sound track or separate title eng
082 ## - DEWEY DECIMAL CLASSIFICATION NUMBER
Classification number 305.420973
Edition number 23
Author mark and year HOO 1979
090 ## - LOCALLY ASSIGNED LC-TYPE CALL NUMBER (OCLC); LOCAL CALL NUMBER (OCLC)
Classification number (OCLC) (R) ; Classification number, CALL (RLIN) (NR) GR304.5
Local cutter number (OCLC) ; Book number/undivided call number, CALL (RLIN) .S53
100 1# - MAIN ENTRY--PERSONAL NAME
Personal name Hope,Karol
9 (RLIN) 180924
245 10 - TITLE STATEMENT
Title Out of the frying pan :
Remainder of title a decade of change in women's lives /
Statement of responsibility, etc. Karol Hope and Nancy Young.
260 ## - PUBLICATION, DISTRIBUTION, ETC. (IMPRINT)
Place of publication, distribution, etc. Garden City, N.Y. :
Name of publisher, distributor, etc. Anchor Press/Doubleday,
Date of publication, distribution, etc. 1979
300 ## - PHYSICAL DESCRIPTION
Pagination xviii,263 p. ;
Size 18 cm.
650 ## - SUBJECT ADDED ENTRY--TOPICAL TERM
Topical term or geographic name as entry element Feminism
Geographic subdivision United States
9 (RLIN) 181180
700 ## - ADDED ENTRY--PERSONAL NAME
Personal name Young, Nancy
942 ## - ADDED ENTRY ELEMENTS (KOHA)
Source of classification or shelving scheme Dewey Decimal Classification
Koha item type Books
Holdings
Lost status Source of classification or shelving scheme Damaged status Not for loan Collection code Permanent Location Current Location Shelving location Date acquired Source of acquisition Total Checkouts Full call number Date last seen Copy number Koha item type
  Dewey Decimal Classification   Not For Loan Non-fiction Central Library, University of Rajshahi Central Library, University of Rajshahi Reading Room 24/02/1983 Amerrican cul. ent. & Dhaka   305.420973 HOO 1979 03/01/2017 C-1 Books